Capital of Nepal Provinces - Statistics

General Stats
  • This quiz has been taken 66 times
  • The average score is 5 of 7
Answer Stats
Province Answer % Correct
Province No. 1 Biratnagar
95%
Bagmati Hetauda
90%
Province No. 2 Janakpur
81%
Gandaki Pokhara
81%
Karnali Birendranagar
62%
Sudurpashchim Godawari
43%
Lumbini Deukhuri
33%
No matching quizzes found
Score Distribution
Percent of People with Each Score
Percentile by Number Answered
Your Score History
You have not taken this quiz